000 00799nam a2200229 a 4500
001 63217
003 BD-RjUL
005 20211209081154.0
008 170129s1987 ii b 100 0 eng
035 _a(BD-RjUL)63346
040 _aDLC
_cDLC
_dBD-RjUL
_beng
041 _aeng
082 0 0 _a954.0722
_223
_bHIS 1987
245 0 0 _aHistoriography in modern Indian languages, 1800-1947 :
_breport of the national seminar held at Santiniketan, from 11th March to 13th March 1985 /
_ced., Tarasankar Banerjee.
260 _aCalcutta, India :
_bNaya Prokash,
_c1987.
300 _axviii, 254 p. ;
_c22 cm.
504 _aIncludes bibliographies.
651 0 _aIndia
_xHistoriography
_xCongresses.
_9188163
700 1 _aBanerjee, Tarasankar,
_d1934-
_9188164
942 _2ddc
_cBK
999 _c63217
_d63217